El santo de la espada /
El Santo de la espada es una película argentina histórica-épica de 1970 dirigida por Leopoldo Torre Nilsson y protagonizada por Alfredo Alcón, Evangelina Salazar, Lautaro Murúa y Héctor Alterio, entre otros. Se relata la vida del general José de San Martín, héroe nacional de la Argentina, Chile y el...
Guardado en:
| Autor Principal: | |
|---|---|
| Formato: | |
| Publicado: |
Argentina,
1970.
|
| Materias: | |
| Etiquetas: |
Agregar Etiqueta
Sin Etiquetas, Sea el primero en etiquetar este registro!
|
| LEADER | 01544ngm a22002775g 4500 | ||
|---|---|---|---|
| 001 | CEM.cems021479 | ||
| 008 | 130507s1970##################0###0#####d | ||
| 005 | 20240826165429.0 | ||
| 245 | 1 | 0 | |a El santo de la espada / |c Leopoldo Torre Nilsson. |
| 260 | |a Argentina, |c 1970. | ||
| 300 | |a 100 | ||
| 500 | |a En soporte VHS, consultar en ventanilla. | ||
| 505 | 0 | |a Vida del General San Martín. | |
| 538 | |a Soporte: VHS - Norma: Pal N - Color - Grabación Drd 1990 - Hitachi=0000 | ||
| 520 | |a El Santo de la espada es una película argentina histórica-épica de 1970 dirigida por Leopoldo Torre Nilsson y protagonizada por Alfredo Alcón, Evangelina Salazar, Lautaro Murúa y Héctor Alterio, entre otros. Se relata la vida del general José de San Martín, héroe nacional de la Argentina, Chile y el Perú, desde su llegada a Buenos Aires en 1812 (Donde conoce a María de los Remedios de Escalada y se casa con ella en 1812. Luego en 1816 tienen una hija a la que nombraron Mercedes Tomasa de San Martín y Escalada) hasta su exilio definitivo de la Argentina. Se muestran en la película las batallas más destacadas del proceso de independencia de Argentina, Chile y Perú de la corona española. | ||
| 100 | 1 | |a Torre Nilsson, Leopoldo | |
| 082 | 9 | 8 | |/ TOR |
| 653 | |a BIOGRAFIAS | ||
| 653 | |a HISTORIA | ||
| 653 | |a AMERICA | ||
| 653 | |a ARGENTINA | ||
| 653 | |a JOSE DE SAN MARTIN | ||
| 653 | |a CINE | ||
| 653 | |a ARGENTINA-HISTORIA | ||
| 653 | |a LARGOMETRAJE | ||
| 859 | |a CEMS |b BIB. CEMS - Depto. Recursos Didacticos |h 982 |i TOR |k DRD |p 122.12 |t Ej.1 | ||
